Bible References - Statistics

General Stats
  • This quiz has been taken 50 times
    37 since last reset
  • The average score is 19 of 30
Answer Stats
# Quote Answer % Correct
1 For God so loved the world that he gave his one and only Son, that whoever believes in him shall not perish but have eternal life. John John 3:16
100%
1 For God so loved the world that he gave his one and only Son, that whoever believes in him shall not perish but have eternal life. 16 John 3:16
97%
1 For God so loved the world that he gave his one and only Son, that whoever believes in him shall not perish but have eternal life. 3 John 3:16
97%
5 In the beginning God created the heavens and the earth. 1 Genesis 1:1
93%
5 In the beginning God created the heavens and the earth. 1 Genesis 1:1
93%
5 In the beginning God created the heavens and the earth. Genesis Genesis 1:1
93%
10 Therefore go and make disciples of all nations, baptizing them in the name of the Father and of the Son and of the Holy Spirit. Matthew Matthew 28:19
73%
6 Trust in the LORD with all your heart and lean not on your own understanding. Proverbs Proverbs 3:5
70%
4 I can do everything through him who gives me strength. 13 Philemon 4:13
60%
10 Therefore go and make disciples of all nations, baptizing them in the name of the Father and of the Son and of the Holy Spirit. 28 Matthew 28:19
60%
4 I can do everything through him who gives me strength. 4 Philemon 4:13
60%
3 And we know that in all things God works for the good of those who love him, who have been called according to his purpose. 8 Romans 8:28
60%
2 For I know the plans I have for you,” declares the LORD, “plans to prosper you and not to harm you, plans to give you hope and a future. Jeremiah Jeremiah 29:11
60%
4 I can do everything through him who gives me strength. Philippians Philippians 4:13
60%
3 And we know that in all things God works for the good of those who love him, who have been called according to his purpose. Romans Romans 8:28
60%
6 Trust in the LORD with all your heart and lean not on your own understanding. 3 Proverbs 3:5
57%
6 Trust in the LORD with all your heart and lean not on your own understanding. 5 Proverbs 3:5
57%
7 in all your ways acknowledge him, and he will make your paths straight. Proverbs Proverbs 3:6
57%
10 Therefore go and make disciples of all nations, baptizing them in the name of the Father and of the Son and of the Holy Spirit. 19 Matthew 28:19
53%
3 And we know that in all things God works for the good of those who love him, who have been called according to his purpose. 28 Romans 8:28
53%
2 For I know the plans I have for you,” declares the LORD, “plans to prosper you and not to harm you, plans to give you hope and a future. 11 Jeremiah 29:11
50%
2 For I know the plans I have for you,” declares the LORD, “plans to prosper you and not to harm you, plans to give you hope and a future. 29 Jeremiah 29:11
50%
7 in all your ways acknowledge him, and he will make your paths straight. 3 Proverbs 3:6
50%
7 in all your ways acknowledge him, and he will make your paths straight. 6 Proverbs 3:6
47%
8 Do not conform any longer to the pattern of this world, but be transformed by the renewing of your mind. Then you will be able to test and approve what God’s will is—his good, pleasing and perfect will. Romans Romans 12:2
47%
8 Do not conform any longer to the pattern of this world, but be transformed by the renewing of your mind. Then you will be able to test and approve what God’s will is—his good, pleasing and perfect will. 12 Romans 12:2
40%
9 Do not be anxious about anything, but in everything, by prayer and petition, with thanksgiving, present your requests to God. 4 Philemon 4:6
40%
9 Do not be anxious about anything, but in everything, by prayer and petition, with thanksgiving, present your requests to God. Philippians Philippians 4:6
40%
8 Do not conform any longer to the pattern of this world, but be transformed by the renewing of your mind. Then you will be able to test and approve what God’s will is—his good, pleasing and perfect will. 2 Romans 12:2
37%
9 Do not be anxious about anything, but in everything, by prayer and petition, with thanksgiving, present your requests to God. 6 Philemon 4:6
37%
No matching quizzes found
Score Distribution
Percent of People with Each Score
Percentile by Number Answered
Your Score History
You have not taken this quiz since the last reset